Lord of the Rings True or False? - Statistics

General Stats
  • This quiz has been taken 154 times
    152 since last reset
  • The average score is 10 of 15
Answer Stats
Question Answer % Correct
Only two wizards were sent to help the people of Middle Earth False
89%
Anduril is made from the shards of Narsil True
83%
The capital of Rohan is called Helms Deep False
77%
Shelob is a descendant of Ungoliant True
77%
There were 19 rings created in total False
74%
Feanor created the three elven rings False
68%
Gandalf has a ring of power True
66%
Isildur is Aragorn's grandfather False
62%
Grima Wormtongue is killed in the Shire True
62%
Aragorn's childhood elven name is Estel True
60%
Tom Bombadil is also called Iarwain True
60%
Eomer names Aragorn 'Wingfoot' in the Two Towers True
55%
Mount Doom is also called Amon Amarth True
55%
Boromir died on Amon Lhaw False
49%
Hobbits live at Bree True
49%
No matching quizzes found
Score Distribution
Percent of People with Each Score
Percentile by Number Answered
Your Score History
You have not taken this quiz since the last reset